00285cam a22001097a 4500008004000000082001200040100002200052245005200074260002700126300001000153650001200163180718b1979 xxu||||| |||| 00| 0 eng d aI9 T299 aTevoedjre, Albert aPoverty: wealth of mankindcby Albert Tevoedjre aOxfordbPergamonc1979 a182p. aPoverty